Thể dục 10 Sách giáo viên thí điểm

Αποθηκεύτηκε σε:
Λεπτομέρειες βιβλιογραφικής εγγραφής
Άλλοι συγγραφείς: Trần Dự, Vũ Đức Thu (tổng ch.b)
Μορφή: Βιβλίο
Γλώσσα:Vietnamese
Έκδοση: H. Giáo dục 2003
Θέματα:
Ετικέτες: Προσθήκη ετικέτας
Δεν υπάρχουν, Καταχωρήστε ετικέτα πρώτοι!
Thư viện lưu trữ: Trung tâm Học liệu Lê Vũ Hùng, Trường Đại học Đồng Tháp
LEADER 00856pam a22002538a 4500
001 00026134
005 20171026081023.0
008 110813s2003 ||||||viesd
041 0 # |a vie 
082 1 4 |a 796.071  |b TH250D 
245 0 0 |a Thể dục 10  |b Sách giáo viên thí điểm  |c Vũ Đức Thu (tổng ch.b.)...[và nh. ng. khác] 
260 # # |a H.  |b Giáo dục  |c 2003 
300 # # |a 228 tr.  |b bảng, hình vẽ  |c 24 cm. 
500 # # |a ĐTTS ghi: Bộ Giáo dục và Đào tạo 
650 # 4 |a Lớp 10 
650 # 4 |a Sách giáo viên 
650 # 4 |a Thể dục 
700 1 # |a Trần Dự 
700 1 # |a Vũ Đức Thu  |e tổng ch.b 
852 # # |j KD.0010908 
852 # # |j KD.0010908  |b Kho đọc 
910 |d 13/08/2011 
980 # # |a Trung tâm Học liệu Lê Vũ Hùng, Trường Đại học Đồng Tháp